<?xml version="1.0" encoding="UTF-8"?>
<collection xmlns="http://www.loc.gov/MARC21/slim">
 <record>
  <leader>00888pam a22002898a 4500</leader>
  <controlfield tag="001">00025018</controlfield>
  <controlfield tag="005">20171026081022.0</controlfield>
  <controlfield tag="008">110729s2005                  ||||||Viesd</controlfield>
  <datafield tag="041" ind1="0" ind2="#">
   <subfield code="a">Vie</subfield>
  </datafield>
  <datafield tag="082" ind1="1" ind2="4">
   <subfield code="a">338.5</subfield>
   <subfield code="b">K312T</subfield>
  </datafield>
  <datafield tag="245" ind1="0" ind2="0">
   <subfield code="a">Kinh tế vi mô</subfield>
   <subfield code="c">Lê Bảo Lâm...[và nh.ng.khác]</subfield>
  </datafield>
  <datafield tag="250" ind1="#" ind2="#">
   <subfield code="a">Tái bản lần 1</subfield>
  </datafield>
  <datafield tag="260" ind1="#" ind2="#">
   <subfield code="a">H.</subfield>
   <subfield code="b">Thống kê</subfield>
   <subfield code="c">2005</subfield>
  </datafield>
  <datafield tag="300" ind1="#" ind2="#">
   <subfield code="a">221tr.</subfield>
   <subfield code="c">24cm.</subfield>
  </datafield>
  <datafield tag="500" ind1="#" ind2="#">
   <subfield code="a">ĐTTS ghi: Trường Đại học Kinh tế Thành phố Hồ Chí Minh</subfield>
  </datafield>
  <datafield tag="650" ind1="#" ind2="4">
   <subfield code="a">Kinh tế vi mô</subfield>
  </datafield>
  <datafield tag="650" ind1="#" ind2="4">
   <subfield code="a">Giáo trình</subfield>
  </datafield>
  <datafield tag="700" ind1="1" ind2="#">
   <subfield code="a">Trần  Bá Thọ</subfield>
  </datafield>
  <datafield tag="700" ind1="1" ind2="#">
   <subfield code="a">Nguyễn Như Ý</subfield>
  </datafield>
  <datafield tag="700" ind1="1" ind2="#">
   <subfield code="a">Trần Thị Bích Dung</subfield>
  </datafield>
  <datafield tag="852" ind1="#" ind2="#">
   <subfield code="j">KD.0009432</subfield>
  </datafield>
  <datafield tag="852" ind1="#" ind2="#">
   <subfield code="j">KD.0009432</subfield>
   <subfield code="b">Kho đọc</subfield>
  </datafield>
  <datafield tag="910" ind1=" " ind2=" ">
   <subfield code="d">29/07/2011</subfield>
  </datafield>
  <datafield tag="980" ind1="#" ind2="#">
   <subfield code="a">Trung tâm Học liệu Lê Vũ Hùng, Trường Đại học Đồng Tháp</subfield>
  </datafield>
 </record>
</collection>
